| 000 | 00382nam a22001577a 4500 | ||
|---|---|---|---|
| 008 | 250623b |||||||| |||| 00| 0 eng d | ||
| 020 | _a0240515978 | ||
| 050 |
_aTK 6655.V5 _b.M55 |
||
| 100 | _aMillerson, Gerald | ||
| 245 | _aVideo production handbook | ||
| 250 | _a3rd | ||
| 260 |
_aOxford _bElsevier Ltd _c2001 |
||
| 300 | _a297p | ||
| 650 | _aVideo recording | ||
| 942 | _cBK | ||
| 999 |
_c3944 _d3944 |
||